• 首页
  • 本馆介绍
  • 公告通知
  • 最新文献
  • 馆藏检索
  • 电子资源
  • 读者导购
  • 参考咨询
  • 我的图书馆
  • 登录
  • 详细信息显示
  • 放入我的书架
  • 预约/预借图书
  • 作者相关作品
  • 分类相关作品
  • 丛书相关作品
  • 出版社相关作品

书目信息

  • 表格格式
  • 工作单格式
  • 卡片格式
题名:
高性能化学纤维生产及应用
    
 
作者: 张清华 主编
分册:  
出版信息: 北京   中国纺织出版社  2018.06
页数: 272页
开本: 26cm
丛书名:
单 册:
中图分类: TQ340.6 , TQ34
科图分类:
主题词: 化学纤维--生产工艺--高等教育--教材
电子资源:
ISBN: 978-7-5180-4928-8
000 01086nam0 2200265 450
001 354
005 20180922084845.32
010    @a978-7-5180-4928-8@dCNY88.00
100    @a20180819d2018 em y0chiy50 ea
101 0  @achi
102    @aCN@b110000
105    @aa z 000yy
200 1  @a高性能化学纤维生产及应用@9gao xing neng hua xue xian wei sheng chan ji ying yong@f张清华主编
210    @a北京@c中国纺织出版社@d2018.06
215    @a272页@c图@d26cm
300    @a“十三五”普通高等教育本科部委级规划教材 化纤专业开放教育系列教材/端小平主编
300    @a中国化学纤维工业协会·恒逸基金 中国化学纤维工业协会·绿宇基金
304    @a中国化学纤维工业协会组织编写
330    @a本书主要包括高性能纤维概述、碳纤维、芳纶、超高分子量聚乙烯纤维、聚酰亚胺纤维、聚四氟乙烯纤维、聚苯硫醚纤维、聚醚醚酮纤维、碳化硅纤维、连续玄武岩纤维、其他高性能纤维以及高性能纤维的分析与检测方法等内容。
606 0  @a化学纤维@x生产工艺@x高等教育@j教材
690    @aTQ340.6@v5
690    @aTQ34@v4
701  0 @a张清华@9zhang qing hua@4主编
801  0 @aCN@b91MARC@c20180819
905    @aMuseLib@dTQ34@e27
    
    高性能化学纤维生产及应用/张清华主编.-北京:中国纺织出版社,2018.06
    272页:图;26cm
    “十三五”普通高等教育本科部委级规划教材 化纤专业开放教育系列教材/端小平主编.-中国化学纤维工业协会·恒逸基金 中国化学纤维工业协会·绿宇基金
    
    ISBN 978-7-5180-4928-8:CNY88.00
    本书主要包括高性能纤维概述、碳纤维、芳纶、超高分子量聚乙烯纤维、聚酰亚胺纤维、聚四氟乙烯纤维、聚苯硫醚纤维、聚醚醚酮纤维、碳化硅纤维、连续玄武岩纤维、其他高性能纤维以及高性能纤维的分析与检测方法等内容。
●
相关链接 在E读中查询图书 在五车中查询图书 在当当中查询图书 在豆瓣中查询图书


正题名:高性能化学纤维生产及应用     索取号:TQ34/27         预约/预借

序号 登录号 条形码 馆藏地/架位号 状态 备注
1 1119489   211194893   第二样本阅览室/ [索取号:TQ34/27] 在馆    
2 1119490   211194900   第三借阅区/ [索取号:TQ34/27] 在馆    
3 1119491   211194919   第三借阅区/ [索取号:TQ34/27] 在馆    
4 1119492   211194928   第三借阅区/ [索取号:TQ34/27] 在馆    
5 1119493   211194937   化学系资料室/ [索取号:TQ34/27] 在馆    
唐山师范学院图书馆 欢迎您!
大连网信软件有限公司© 版权所有